Oeconomics of knowledge

Detalles Bibliográficos
Formato: Electrónico Revista
Lenguaje:inglés
Publicado: [Bucharest, Romania] : Saphira
Materias:
Acceso en línea:Full text available from Research Library: 07/01/2009 to 10/31/2015

MARC

LEADER 00000nas a2200000 a 4500
001 ssj0000800762
003 WaSeSS
005 20200512172242.0
006 m d
007 cr n
008 111206c20099999rm qr pss 0 0eng c
010 |a  2012242076 
022 |a 2066-8325  |l 2066-8325 
035 |a (WaSeSS)ssj0000800762 
040 |a CNCGM  |b eng  |c CNCGM  |d OCLCQ  |d MYG  |d CUS  |d OCLCF  |d OCLCO  |d OCLCQ  |d AU@  |d WaSeSS 
042 |a pcc 
050 4 |a HC79.I55  |b O33 
210 0 |a Oecon. knowl. 
222 0 |a Oeconomics of knowledge 
245 0 0 |a Oeconomics of knowledge  |h [electronic resource]. 
246 1 |i Individual issues from fall 2010- have display title:  |a Quarterly journal of oeconomics of knowledge 
260 |a [Bucharest, Romania] :  |b Saphira 
310 |a Four no. a year 
362 1 |a Began with v. 1, issue 1 (summer 2009). 
500 |a "Oeconomics of Knowledge is an open-access scholarly e-publication that aims to bring together diversity of researchers, experts and practitioners who are working in the area of knowledge, computer science and economy."--Foreword. 
506 |a License restrictions may limit access. 
588 |a Description based on first issue; title from web home page, viewed Dec. 17, 2012. 
588 |a Latest issue consulted: V. 4, no. 5, special issue (Nov. 2012). 
650 0 |a Knowledge economy  |v Periodicals. 
650 0 |a Information technology  |v Periodicals. 
650 0 |a Economics  |v Periodicals. 
650 0 |a Commerce  |v Periodicals. 
650 7 |a Commerce.  |2 fast  |0 (OCoLC)fst00869279 
650 7 |a Economics.  |2 fast  |0 (OCoLC)fst00902116 
650 7 |a Information technology.  |2 fast  |0 (OCoLC)fst00973089 
650 7 |a Knowledge economy.  |2 fast  |0 (OCoLC)fst01894277 
655 0 |a Electronic journals. 
856 4 0 |z Full text available from Research Library: 07/01/2009 to 10/31/2015  |u https://search.proquest.com/publication/1246354